000 00480nam a2200181Ia 4500
008 100917s9999 xx 000 0 und d
082 _b37316
100 _aJ. H. Fabre
245 _aSocial Life in the Insect World
260 _bPenguin Books Ltd.
_c1937
300 _a242
365 _b0
520 _aइंग्रजी
630 _aSocial Life in the Insect World
650 _aइंग्रजी
730 _aSocial Life in the Insect World
942 _cBOOK
999 _c642710
_d642707